书目信息 |
| 题名: |
我的葡萄牙语教室
|
|
| 作者: | 薛四宝 编著 | |
| 分册: | ||
| 出版信息: | 北京 世界图书出版公司北京公司 2014 |
|
| 页数: | 261页 | |
| 开本: | 21cm | |
| 丛书名: | ||
| 单 册: | ||
| 中图分类: | H773 | |
| 科图分类: | ||
| 主题词: | 葡萄牙语--Pu Tao Ya Yu--自学参考资料 | |
| 电子资源: | ||
| ISBN: | 978-7-5100-6378-7 | |
| 000 | 01085nam0 22002651 450 | |
| 001 | 0101082344 | |
| 005 | 20161202091937.26 | |
| 010 | @a978-7-5100-6378-7@dCNY32.00 | |
| 100 | @a20140208d2014 em y0chiy50 ea | |
| 101 | 0 | @achi@apor |
| 102 | @aCN@b110000 | |
| 105 | @aa z 000yy | |
| 106 | @ar | |
| 200 | 1 | @a我的葡萄牙语教室@AWo De Pu Tao Ya Yu Jiao Shi@e零起点速学发音、单词、句子、会话@f薛四宝编著 |
| 210 | @a北京@c世界图书出版公司北京公司@d2014 | |
| 215 | @a261页@c图@d21cm@e1光盘 | |
| 300 | @a零起点外语学习系列 | |
| 307 | @a附光盘:ISBN 978-7-88780-152-4 ISRC CN-M46-13-00028 | |
| 330 | @a本书通过巧妙记忆元辅音、实用单词天天背、常用单句开口说、生活用语脱口秀四章,对葡萄牙语的发音、单词、句子、会话进行讲解。附录中收入葡萄牙的主要城市、葡萄牙的著名景点、葡萄牙语学习网站大推荐等内容。 | |
| 517 | 1 | @a零起点速学发音、单词、句子、会话@ALing Qi Dian Su Xue Fa Yin Dan Ci Ju Zi Hui Hua |
| 606 | 0 | @a葡萄牙语@APu Tao Ya Yu@j自学参考资料 |
| 690 | @aH773@v5 | |
| 701 | 0 | @a薛四宝@AXue Si Bao@4编著 |
| 801 | 0 | @aCN@bTANGWEI@c20161128 |
| 905 | @b0950340-4@dH773@e10@f5 | |
| 我的葡萄牙语教室:零起点速学发音、单词、句子、会话/薛四宝编著.-北京:世界图书出版公司北京公司,2014 |
| 261页:图;21cm+1光盘 |
| 零起点外语学习系列 |
| ISBN 978-7-5100-6378-7:CNY32.00 |
| 本书通过巧妙记忆元辅音、实用单词天天背、常用单句开口说、生活用语脱口秀四章,对葡萄牙语的发音、单词、句子、会话进行讲解。附录中收入葡萄牙的主要城市、葡萄牙的著名景点、葡萄牙语学习网站大推荐等内容。 |
| ● |
| 相关链接 |
|
|
|
|
正题名:我的葡萄牙语教室
索取号:H773/10
 
预约/预借
| 序号 | 登录号 | 条形码 | 馆藏地/架位号 | 状态 | 备注 |
| 1 | 0950340 | 209503401 | 第二样本阅览室/ [索取号:H773/10] | 在馆 | |
| 2 | 0950341 | 209503410 | 第四借阅区/ [索取号:H773/10] | 在馆 | |
| 3 | 0950342 | 209503429 | 第四借阅区/ [索取号:H773/10] | 在馆 | |
| 4 | 0950343 | 209503438 | 第四借阅区/ [索取号:H773/10] | 在馆 | |
| 5 | 0950344 | 209503447 | 第四借阅区/ [索取号:H773/10] | 在馆 |